000 01101nam a2200241 a 4500
001 000041095
005 20201002034620.0
008 130917s1987 sp 000 0 spa d
020 _a840006576X
040 _aDO-SdBNP
_bspa
_cBNPHU
100 1 _aAlvarez Peláez, Raquel.
_967618
245 1 0 _a¿Criminales o locos? :
_bdos peritajes psiquiátricos del Dr. Gonzalo R. Lafora /
_cRaquel Alvarez Peláez, Rafael Huertas García-Alejo.
260 _aMadrid :
_bConsejo Superior de Investigaciones Científicas, Centro de Estudios Históricos,
_c1987.
300 _a333 p. ;
_c18 cm.
490 1 _aCuadernos Galileo de Historia de la Ciencia
_v6
500 _aEdición Conmemorativa del Quinto Centenario del Descubrimiento de América
504 _aIncluye referencias bibliográficas y notas al pie de las páginas
504 _abibliografías
700 1 _aHuertas García-Alejo, Rafael
_914899
710 2 _aConsejo Superior de Investigaciones Científicas,(España)
_967570
710 2 _aCentro de Estudios Históricos,
_964022
830 0 _aCuadernos Galileo de Historia de la Ciencia
_n6
_967619
999 _c40585
_d40585